| 000 | 00465nam a2200193Ia 4500 | ||
|---|---|---|---|
| 005 | 20240823014931.0 | ||
| 008 | 240823s9999||||xx |||||||||||||| ||und|| | ||
| 020 | _a81-203-2185-5 | ||
| 041 | _aENGLISH | ||
| 082 | _A004.678 P3 | ||
| 100 | _aRahul Banerjee | ||
| 245 | 0 | _aInternetworking Technologies | |
| 250 | _a1st | ||
| 260 |
_c2003 _b"PHI,New D" |
||
| 500 | _aTRANSFERED | ||
| 650 |
_aInternet _bInformation Technology |
||
| 942 | _cBK | ||
| 999 |
_c171255 _d171255 |
||